000 00234 a2200109 4500
001 51204
040 _cAnchieta - Pituba
240 1 0 _aGincana 2014
_l
245 1 0 _aGincana 2014
650 4 _aLĂ­nguas espanhola e portuguesa
942 _cMX
999 _c51204
_d51204